000 00362nam a2200145Ia 4500
008 230917s9999||||xx |||||||||||||| ||und||
040 _e43527
_aMAIN
041 _aEnglish
082 _a821.8 E46S:I
100 _aSharma, R S, ed.
245 0 _aIndian response to T S Eliot
260 _aNew Delhi
_bAtlantic Publishers
_c1994
300 _a188 p.
942 _cBK
999 _c90834
_d90834